[Event "Madrid Oliver Gonzalez Memorial-B 4th"]
[Site "Madrid"]
[Date "2015.10.14"]
[Round "5"]
[White "Merino Araguas, Jose Javier"]
[Black "Wolf, Philipp"]
[Result "0-1"]
[WhiteElo "1734"]
[BlackElo "1476"]
[PlyCount "70"]
[EventDate "2015.10.10"]
[EventType "swiss"]
[EventRounds "9"]
[EventCountry "ESP"]
[SourceTitle "EXT 2019"]
[Source "ChessBase"]
[SourceDate "2018.10.10"]
[SourceVersion "1"]
[SourceVersionDate "2018.10.10"]
[SourceQuality "1"]

1. d4 Nf6 2. c4 e6 3. Nf3 b6 4. g3 Bb7 5. Bg2 Be7 6. Nc3 Bb4 7. Bd2 0-0 8. 0-0 Bxc3 9. Bxc3 d6 10. b3 Nbd7 11. Bb2 Ne4 12. Qc2 Qc8 13. Rac1 c5 14. e3 f5 15. Rfd1 a6 16. a3 Qc7 17. Ne1 Ng5 18. f3 Rae8 19. h4 Nf7 20. Qf2 e5 21. dxc5 Nxc5 22. b4 Ne6 23. Nd3 e4 24. Nf4 Nxf4 25. gxf4 exf3 26. Bxf3 Bxf3 27. Qxf3 Nh6 28. Bd4 Re4 29. Rc3 Ng4 30. Rd2 Rfe8 31. Rg2 Rxd4 32. Rxg4 fxg4 33. Qxg4 Rxc4 34. Rd3 Rc1+ 35. Rd1 Qc2 0-1

[Event "Madrid-ch"]
[Site "Madrid"]
[Date "2014.02.08"]
[Round "3"]
[White "Bento Iglesias, Pablo"]
[Black "Merino Araguas, Jose Javier"]
[Result "1-0"]
[WhiteElo "1601"]
[BlackElo "1813"]
[PlyCount "64"]
[EventDate "2014.02.06"]
[EventType "swiss"]
[EventRounds "9"]
[EventCountry "ESP"]
[SourceTitle "CBM 159 Extra"]
[Source "ChessBase"]
[SourceDate "2014.04.24"]
[SourceVersion "1"]
[SourceVersionDate "2014.04.24"]
[SourceQuality "1"]

1. e4 e6 2. d4 d5 3. Nc3 Nf6 4. exd5 exd5 5. Nf3 Bg4 6. Be2 Be7 7. h3 Bh5 8. 0-0 0-0 9. Re1 Re8 10. Bg5 Nbd7 11. Ne5 Bxe2 12. Rxe2 c6 13. Qd3 Nxe5 14. dxe5 Nd7 15. Bxe7 Qxe7 16. Rae1 Nc5 17. Qd2 Rad8 18. f4 Qe6 19. a3 Qg6 20. g4 Qh6 21. Kg2 Qh4 22. f5 Qe7 23. Qf4 Qc7 24. Qg5 h6 25. Qf4 f6 26. Qd4 Ne4 27. Nxe4 dxe4 28. Qc4+ Kh7 29. e6 Qf4 30. Qxe4 Qxe4+ 31. Rxe4 Kg8 32. R4e3 Kf8 1-0

[Event "Madrid Oliver Gonzalez Memorial 2nd"]
[Site "Madrid"]
[Date "2011.10.12"]
[Round "5"]
[White "Merino Araguas, Jose Javier"]
[Black "Folgar Lopez, Angel"]
[Result "1-0"]
[WhiteElo "1848"]
[BlackElo "1615"]
[PlyCount "115"]
[EventDate "2011.10.08"]
[EventType "swiss"]
[EventRounds "9"]
[EventCountry "ESP"]
[SourceTitle "CBM 144 Extra"]
[Source "ChessBase"]
[SourceDate "2011.10.28"]
[SourceVersion "1"]
[SourceVersionDate "2011.10.28"]
[SourceQuality "1"]

1. d4 Nf6 2. c4 g6 3. g3 Bg7 4. Bg2 0-0 5. Nf3 d6 6. 0-0 c5 7. d5 Na6 8. Nc3 Nc7 9. e4 e5 10. Qc2 a6 11. a4 Bg4 12. h3 Bxf3 13. Bxf3 Qc8 14. Bg2 Qd7 15. Bd2 Rab8 16. Rab1 b5 17. b3 b4 18. Ne2 a5 19. Rbe1 Nh5 20. Kh2 Rbe8 21. Bf3 Nf6 22. Ng1 Na8 23. Bd1 Nb6 24. Qc1 Nc8 25. Bf3 Ne7 26. Qd1 Rb8 27. Bg4 Nxg4+ 28. hxg4 Kh8 29. Kg2 Ng8 30. Nh3 Nf6 31. g5 Ng8 32. Qc1 Ne7 33. Be3 Kg8 34. f3 Rfe8 35. Rh1 Kf8 36. Nf2 Nc8 37. Rxh7 Qd8 38. Ng4 Ne7 39. Reh1 Ng8 40. R7h3 Ke7 41. Nh6 Nxh6 42. gxh6 Bh8 43. h7 Kd7 44. Bg5 Qc8 45. Qd1 Kc7 46. Bc1 Kb7 47. Qd2 Ka8 48. Qg5 Rf8 49. Qe7 Rb7 50. Qh4 Qd8 51. Qxd8+ Rxd8 52. f4 Rbb8 53. fxe5 Bxe5 54. Rf1 Rb7 55. Bg5 f6 56. h8Q Rxh8 57. Rxh8+ Ka7 58. Bf4 1-0

[Event "Tres Cantos op 3rd"]
[Site "Tres Cantos"]
[Date "2011.06.24"]
[Round "3"]
[White "Alfaya Marcelo, Roberto"]
[Black "Merino Araguas, Jose Javier"]
[Result "0-1"]
[WhiteElo "1597"]
[BlackElo "1868"]
[PlyCount "80"]
[EventDate "2011.06.22"]
[EventType "swiss"]
[EventRounds "9"]
[EventCountry "ESP"]
[SourceTitle "EXT 2012"]
[Source "ChessBase"]
[SourceDate "2011.11.24"]
[SourceVersion "1"]
[SourceVersionDate "2011.11.24"]
[SourceQuality "1"]

1. d4 d5 2. c4 c6 3. Nc3 Nf6 4. Bg5 e6 5. e3 Be7 6. Nf3 Nbd7 7. cxd5 exd5 8. Bd3 0-0 9. 0-0 Re8 10. Qc2 h6 11. Bh4 Ne4 12. Bxe7 Qxe7 13. Rab1 a5 14. a3 Ng5 15. Nd2 Nf6 16. b4 axb4 17. axb4 Nge4 18. Ncxe4 dxe4 19. Bc4 Be6 20. Bxe6 Qxe6 21. Qc4 Nd5 22. Rfc1 Ra4 23. Qc5 Ra2 24. Rc2 Rea8 25. h3 Ra1 26. Rxa1 Rxa1+ 27. Kh2 Nc7 28. Nc4 Nb5 29. Qe5 Qxe5+ 30. Nxe5 Rb1 31. Kg3 Rxb4 32. Kf4 Nd6 33. Nxc6 bxc6 34. Rxc6 Ne8 35. Rc8 Kf8 36. Kxe4 Ke7 37. Rc2 Nf6+ 38. Kd3 Nd5 39. g3 Ra4 40. e4 Nb4+ 0-1

[Event "Madrid Oliver Gonzalez Memorial 1st"]
[Site "Madrid"]
[Date "2010.10.12"]
[Round "4"]
[White "Baeza Escudero, Javier"]
[Black "Merino Araguas, Jose Javier"]
[Result "1-0"]
[WhiteElo "1986"]
[BlackElo "1834"]
[PlyCount "98"]
[EventDate "2010.10.09"]
[EventType "swiss"]
[EventRounds "9"]
[EventCountry "ESP"]
[SourceTitle "CBM 138 Extra"]
[Source "ChessBase"]
[SourceDate "2010.10.29"]
[SourceVersion "1"]
[SourceVersionDate "2010.10.29"]
[SourceQuality "1"]

1. e4 e6 2. d4 d5 3. Nd2 Nf6 4. e5 Nfd7 5. Bd3 c5 6. c3 Nc6 7. Ne2 cxd4 8. cxd4 f6 9. exf6 Nxf6 10. 0-0 Bd6 11. Nf3 0-0 12. Bg5 Qc7 13. Ng3 Bd7 14. Rc1 Qb6 15. Bxf6 gxf6 16. b3 Bf4 17. Ra1 Rfe8 18. Re1 Re7 19. a3 Kh8 20. Bc2 Be8 21. b4 Bg6 22. Bb3 Qd8 23. Ra2 a6 24. Rae2 Qd6 25. Nf1 Bh5 26. N1d2 Rg8 27. g3 Bh6 28. Qc2 Bxf3 29. Nxf3 b6 30. Qd3 b5 31. Qc3 Rge8 32. Rc2 Nd8 33. Qd3 Nf7 34. Ree2 Qd7 35. Rc5 Nd6 36. Rcc2 Nc4 37. Ra2 Qd6 38. Bc2 Rg8 39. Ra1 Rge8 40. a4 Nb2 41. Qa3 Nc4 42. Qb3 Rb8 43. Rb1 bxa4 44. Qxa4 Reb7 45. Ra1 Rb6 46. Rae1 Rf8 47. Rxe6 Qxb4 48. Qd7 Rb7 49. Qxd5 Qc3 1-0